MARC details
| 000 -LEADER |
| fixed length control field |
02600aam a2200481 i 4500 |
| 001 - CONTROL NUMBER |
| control field |
on1273197705 |
| 003 - CONTROL NUMBER IDENTIFIER |
| control field |
OCoLC |
| 005 - DATE AND TIME OF LATEST TRANSACTION |
| control field |
20251030162807.0 |
| 008 - FIXED-LENGTH DATA ELEMENTS--GENERAL INFORMATION |
| fixed length control field |
211004t20212021caua 000 0 eng d |
| 010 ## - LIBRARY OF CONGRESS CONTROL NUMBER |
| LC control number |
2021943495 |
| 020 ## - INTERNATIONAL STANDARD BOOK NUMBER |
| International Standard Book Number |
9781984860392 |
| Qualifying information |
(hbk.) |
| 020 ## - INTERNATIONAL STANDARD BOOK NUMBER |
| International Standard Book Number |
1984860399 |
| Qualifying information |
(hbk.) |
| 020 ## - INTERNATIONAL STANDARD BOOK NUMBER |
| International Standard Book Number |
9781984859150 |
| Qualifying information |
(pbk.) |
| 020 ## - INTERNATIONAL STANDARD BOOK NUMBER |
| International Standard Book Number |
1984859153 |
| Qualifying information |
(pbk.) |
| 035 ## - SYSTEM CONTROL NUMBER |
| System control number |
(OCoLC)1273197705 |
| 040 ## - CATALOGING SOURCE |
| Original cataloging agency |
ICrlF |
| Language of cataloging |
eng |
| Description conventions |
rda |
| Transcribing agency |
LNC |
| Modifying agency |
LNC |
| -- |
OCLCO |
| -- |
BBH |
| -- |
TnLvILS |
| 043 ## - GEOGRAPHIC AREA CODE |
| Geographic area code |
n-us--- |
| 082 ## - DEWEY DECIMAL CLASSIFICATION NUMBER |
| Classification number |
321.9 |
| 092 ## - LOCALLY ASSIGNED DEWEY CALL NUMBER (OCLC) |
| Classification number |
adult graphic novel |
| Item number |
321.9 Snyder, Timothy |
| 100 1# - MAIN ENTRY--PERSONAL NAME |
| Personal name |
Snyder, Timothy, |
| Relator term |
author. |
| 9 (RLIN) |
6021634 |
| 245 10 - TITLE STATEMENT |
| Title |
On tyranny : |
| Remainder of title |
twenty lessons from the twentieth century / |
| Statement of responsibility, etc |
Timothy Snyder ; illustrated by Nora Krug. |
| 250 ## - EDITION STATEMENT |
| Edition statement |
[First illustrated edition] |
| 250 ## - EDITION STATEMENT |
| Edition statement |
First graphic edition. |
| 264 #1 - Production, Publication, Distribution, Manufacture, and Copyright Notice. |
| Place of production, publication, distribution, manufacture |
[Berkeley] California : |
| Name of producer, publisher, distributor, manufacturer |
Ten Speed Press, |
| Date of production, publication, distribution, manufacture, or copyr |
[2021] |
| 264 #4 - Production, Publication, Distribution, Manufacture, and Copyright Notice. |
| Date of production, publication, distribution, manufacture, or copyr |
©2021. |
| 300 ## - PHYSICAL DESCRIPTION |
| Extent |
127 pages : |
| Other physical details |
illustrations (some color) ; |
| Dimensions |
27 cm. |
| 336 ## - Content Type |
| Content type term |
text |
| 337 ## - Media type |
| Media type term |
unmediated |
| 338 ## - Carrier type |
| Carrier type term |
volume |
| 500 ## - GENERAL NOTE |
| General note |
"Originally published in paperback in different form by Tim Duggan Books, an imprint of Random House, a division of Penguin Random House LLC in 2017"--Colophon. |
| 505 0# - FORMATTED CONTENTS NOTE |
| Formatted contents note |
Do not obey in advance -- Defend institutions -- Beware the one-party state -- Take responsibility for the face of the world -- Remember professional ethics -- Be wary of paramilitaries -- Be reflective if you must be armed -- Stand out -- Be kind to our language -- Believe in truth -- Investigate -- Make eye contact and small talk -- Practice corporeal politics -- Establish a private life -- Contribute to good causes -- Learn from peers in other countries -- Listen for dangerous words -- Be calm when the unthinkable arrives -- Be a patriot -- Be as courageous as you can. |
| 520 ## - SUMMARY, ETC. |
| Summary, etc |
The author argues that American society is leaning toward despotism and totalitarianism and looks back at the 20th century for examples of how totalitarianism has taken over before. |
| 650 #0 - SUBJECT ADDED ENTRY--TOPICAL TERM |
| Topical term or geographic name as entry element |
Despotism |
| General subdivision |
History |
| Chronological subdivision |
20th century. |
| 9 (RLIN) |
6554678 |
| 650 #0 - SUBJECT ADDED ENTRY--TOPICAL TERM |
| Topical term or geographic name as entry element |
Authoritarianism |
| General subdivision |
History |
| Chronological subdivision |
20th century. |
| 9 (RLIN) |
6554679 |
| 650 #0 - SUBJECT ADDED ENTRY--TOPICAL TERM |
| Topical term or geographic name as entry element |
Totalitarianism |
| General subdivision |
History |
| Chronological subdivision |
20th century. |
| 9 (RLIN) |
6554680 |
| 650 #0 - SUBJECT ADDED ENTRY--TOPICAL TERM |
| Topical term or geographic name as entry element |
Dictatorship |
| General subdivision |
History |
| Chronological subdivision |
20th century. |
| 9 (RLIN) |
6554681 |
| 650 #0 - SUBJECT ADDED ENTRY--TOPICAL TERM |
| Topical term or geographic name as entry element |
History, Modern |
| Chronological subdivision |
20th century. |
| 9 (RLIN) |
85349 |
| 650 #0 - SUBJECT ADDED ENTRY--TOPICAL TERM |
| Topical term or geographic name as entry element |
Political culture |
| Geographic subdivision |
United States. |
| 9 (RLIN) |
101466 |
| 650 #0 - SUBJECT ADDED ENTRY--TOPICAL TERM |
| Topical term or geographic name as entry element |
Democracy |
| Geographic subdivision |
United States. |
| 9 (RLIN) |
100764 |
| 655 #7 - INDEX TERM--GENRE/FORM |
| Genre/form data or focus term |
Nonfiction comics. |
| Source of term |
lcgft. |
| 9 (RLIN) |
5724240 |
| 700 1# - ADDED ENTRY--PERSONAL NAME |
| Personal name |
Krug, Nora, |
| Relator term |
illustrator. |
| 9 (RLIN) |
6475973 |
| 942 ## - ADDED ENTRY ELEMENTS (KOHA) |
| Source of classification or shelving scheme |
Dewey Decimal Classification |
| Koha item type |
BOOK |